|
|
|
|
| LEADER |
01281cam a2200337 a 4500 |
| 001 |
AAL338 |
| 003 |
BD-DhAAL |
| 005 |
20160426140936.0 |
| 008 |
900323s1990 cau b 000 0 eng |
| 010 |
|
|
|a 90033819
|
| 020 |
|
|
|a 1558151036
|
| 020 |
|
|
|a 1558151087 :
|
| 040 |
|
|
|a DLC
|c DLC
|d DLC
|d BD-DhAAL
|
| 050 |
0 |
0 |
|a HC336.25
|b .E63 1990
|
| 082 |
0 |
0 |
|a 330.947/0854
|2 20
|
| 100 |
1 |
|
|a Ericson, Richard Eric.
|9 19291
|
| 245 |
1 |
4 |
|a The Soviet Union, 1979-1990 /
|c Richard E. Ericson.
|
| 260 |
|
|
|a San Francisco, Calif. :
|b ICS Press,
|c c1990.
|
| 300 |
|
|
|a vi, 60 p. ;
|c 23 cm.
|
| 490 |
1 |
|
|a Country studies
|
| 500 |
|
|
|a "An International Center for Economic Growth publication."
|
| 504 |
|
|
|a Includes bibliographical references (p. 53-60).
|
| 541 |
|
|
|e 338
|
| 651 |
|
0 |
|a Soviet Union
|x Economic conditions
|y 1975-1985.
|9 19292
|
| 651 |
|
0 |
|a Soviet Union
|x Economic conditions
|y 1985-1991.
|9 19293
|
| 651 |
|
0 |
|a Soviet Union
|x Economic policy
|y 1986-1991.
|9 19294
|
| 830 |
|
0 |
|a Country studies (San Francisco, Calif.)
|9 19295
|
| 852 |
|
|
|a Savar Campus Library:
|c General Shelf
|
| 942 |
|
|
|2 ddc
|c BK
|
| 999 |
|
|
|c 37491
|d 37491
|
| 952 |
|
|
|0 0
|1 0
|2 ddc
|4 0
|6 330_947000000000000_0854_ERI
|7 0
|9 58862
|a SCL
|b SCL
|c GEN
|d 2016-04-26
|e Gift:
|l 0
|o 330.9470854 ERI
|p 3020000338
|r 2016-04-26
|t 1
|w 2016-04-26
|y BK
|